Od monopolu k regulácii
Verejné služby - prirodzený monopol. Unbundling. Čo je unbundling. Výhody a nevýhody realizácie unbundlingu.
Uložené v:
| Hlavný autor: | |
|---|---|
| Médium: | Kapitola |
| Jazyk: | Slovak |
| Predmet: | |
| Tagy: |
Žiadne tagy, Buďte prvý, kto otaguje tento záznam!
|
MARC
| LEADER | 00000naa$a2200000$$$4500 | ||
|---|---|---|---|
| 001 | 0090724 | ||
| 005 | 20221207083444.7 | ||
| 041 | 0 | |a slo | |
| 044 | |a SK | ||
| 245 | 1 | 0 | |a Od monopolu k regulácii |c Stanislav Kovalík |
| 520 | |a Verejné služby - prirodzený monopol. Unbundling. Čo je unbundling. Výhody a nevýhody realizácie unbundlingu. | ||
| 610 | 2 | 0 | |a služby verejné |
| 610 | 2 | 0 | |a monopoly |
| 610 | 2 | 0 | |a regulácia |
| 610 | 2 | 0 | |a liberalizácia |
| 610 | 2 | 0 | |a energetika |
| 100 | 1 | |a Kovalík, Stanislav | |